Controversial Countries 2 - Statistics

General Stats
  • This quiz has been taken 17 times
  • The average score is 8 of 15
Answer Stats
Hint Answer % Correct
One of four Ukrainian Oblasts invaded by Russia in 2022 (name any) Donetsk | Kherson | Luhansk | Zaporizhzhia
94%
Chinese Special Administrative Region known for its casinos Macau
94%
Unrecognized de facto sovereign state on the Horn of Africa Somaliland
88%
Asian peninsula split by a DMZ Korea
81%
Syrian territory captured by Israel in the Six-Day War Golan Heights
75%
African archipelago in the Mozambique Channel administered by France but culturally related to Comoros Mayotte
63%
Province and exclave of Angola seeking to secede Cabinda
56%
One of a pair of Spanish exclaves in Morocco (name either) Ceuta | Melilla
56%
Russian Republic known for creating MMA fighters Dagestan
50%
North Sea micronation entirely unrecognized yet beloved online Principality of Sealand
44%
UN-recognized legitimate representative of the people of the Western Sahara Sahrawi Republic
44%
De facto autonomous region in Syria Rojava
25%
Area between Egypt and Sudan claimed by neither nation Bir Tawil
19%
Disputed territory between China and India Arunachal Pradesh
13%
Part of several ongoing territory disputes between Iran and the UAE Abu Musa | Greater Tunb | Lesser Tunb
0%
No matching quizzes found
Score Distribution
Percent of People with Each Score
Percentile by Number Answered
Your Score History
You have not taken this quiz